LDR 01336naa#a2200217#i#450# 001 RU\RIOR\bibl\124143 005 20260629090641.1 011 ## _a2409-6024 100 ## _a20260530b2026####ek#y0rusy0150####ca 102 ## _aRU 200 1# _aТехнологическое партнёрство и опережающая подготовка кадров: сравнительный анализ практик РФ и КНР _eЖурнальная статья 210 1# _aМосква _cООО "Издательский Центр РИОР" _d2026 215 ## _a17 с. 606 ## _aЭкономика. 38.03.01 _2local 608 ## _aЖурнальная статья _2local 675 ## _aРегиональная (территориальная) экономика. Земельный (аграрный) вопрос. Жилищное хозяйство. 332 _z 686 ## _aОбщ. эк. теория. Ист. эк. мысли. Эк. география. Упр-е эк-й. Эк. стат-ка. Учет. Эк анализ. 650 _2bbk 686 ## _aЭкономика. Бухгалтерский учет. Финансы. 77 _2tbk 686 ## _aЭкономика и организация предприятия. Управление предприятием. 06.81 _2grnti 700 #1 _aПутихин _gЮрий Евгеньевич 856 4# _ariorpub.com _u